Enseñanza religiosa y pedagogía de la fé

Zapisane w:
Opis bibliograficzny
1. autor: Maldonado Arenas, Luis (autor)
Format: Książka
Język:hiszpański
Wydane: Pamplona Verbo Divino 1963
Seria:Diokonia Temas de Teología Pastoral, 2
Hasła przedmiotowe:
Etykiety: Dodaj etykietę
Nie ma etykietki, Dołącz pierwszą etykiete!

MARC

LEADER 00000nam a2200000 a 4500
001 UCR1864
003 CL-VaPUC
008 971219e19630000SP |||||||||||||||||spa|d
082 0 4 |a 268  |b MAL  |2 21 
100 |a Maldonado Arenas, Luis  |e autor  |9 867548 
245 1 0 |a Enseñanza religiosa y pedagogía de la fé 
300 |a 399 p 
942 |c BK 
945 |d 19971219 00:00:00  |a rleighto 
260 |a Pamplona  |b Verbo Divino  |c 1963 
650 0 |a Educación religiosa   |9 308312 
650 0 |a Teología   |9 258766 
650 0 |a Sacramentos   |9 257270 
650 7 |a CONVERSION  |2 CL-VaPUC  |9 310975 
650 0 |a Iglesia   |9 255004 
650 0 |a Oración  |9 313348 
650 0 |a Vida cristiana  |9 258753 
650 0 |a Cristianismo  |9 257361 
583 |a last modification  |c 20130402 05:51:49  |k Rodrigo Vera 
490 0 |a Diokonia Temas de Teología Pastoral, 2 
999 |c 265207  |d 265205 
952 |0 0  |1 0  |4 0  |6 268_000000000000000_MAL_1963  |7 0  |8 A  |9 296047  |a BIBTEO  |b BIBTEO  |d 2019-11-20  |i 3384322  |o 268 MAL 1963  |p 3384322  |r 2025-01-17  |w 2019-11-20  |y BK  |k ICR